Les transformations de Mellin et de Hankel : applications à la physique mathématique /

Guardado en:
Autor Principal: Colombo, Serge.
Formato: Libro
Idioma:French
Publicado: Paris : Centre National de la Recherche Scientifique, 1959.
Series:Monographies du Centre d'Études Mathématiques en vue des Applications. B, Méthodes de calcul
Etiquetas: Agregar Etiqueta
Sin Etiquetas, Sea el primero en etiquetar este registro!
LEADER 00628nam a22001575a 4500
001 MAT.inmabb001192
008 031120s1959####fr############000#0#fre#d
005 20170811161714.0
245 1 4 |a Les transformations de Mellin et de Hankel :  |b applications à la physique mathématique /  |c par Serge Colombo. 
260 |a Paris :  |b Centre National de la Recherche Scientifique,  |c 1959. 
300 |a 99 p. ;  |c 25 cm. 
440 0 |a Monographies du Centre d'Études Mathématiques en vue des Applications.  |p B, Méthodes de calcul 
510 4 |a MR,  |c 22 #885 
100 1 |a Colombo, Serge. 
084 |a 44-XX  |2 msc2000 
859 |h 44  |i C718  |p A-1263  |b BIB. MATEMATICA